Five Biggest Economies by Continent - Statistics

General Stats
  • This quiz has been taken 196,110 times
    89,326 since last reset
  • The average score is 26 of 30
Answer Stats
Continent GDP County % Correct
Asia 40.7 China
98%
Europe 4.50 France
98%
North America 30.5 United States
98%
Oceania 1.98 Australia
97%
North America 2.73 Canada
97%
Europe 6.16 Germany
97%
North America 3.40 Mexico
97%
South America 4.96 Brazil
96%
Europe 4.45 United Kingdom
96%
Africa 1.03 South Africa
95%
Africa 2.37 Egypt
94%
Oceania 0.299 New Zealand
94%
Europe 5.54 Russia
94%
South America 1.49 Argentina
93%
Asia 6.74 Japan
93%
Asia 17.6 India
92%
Europe 3.72 Italy
92%
South America 0.710 Chile
88%
South America 1.19 Colombia
88%
Africa 1.58 Nigeria
84%
South America 0.643 Peru
84%
Asia 5.01 Indonesia
78%
Oceania 0.0157 Fiji
77%
Africa 0.875 Algeria
72%
Oceania 0.0481 Papua New Guinea
68%
Asia 3.37 South Korea
64%
North America 0.336 Dominican Republic
61%
North America 0.282 Guatemala
61%
Africa 0.484 Ethiopia
57%
Oceania 0.00217 Solomon Islands
54%
No matching quizzes found
Score Distribution
Percent of People with Each Score
Percentile by Number Answered
Your Score History
You have not taken this quiz since the last reset